00247 a2200109 4500001000700000020000600007040001100013100002700024240004100051245003600092362000900128167324 a  cMagnum aSancho, Juana M. (Org)10aPara uma tecnologia educacionallpor10aPara uma tecnologia educacional0 a1899